<?xml version="1.0" encoding="UTF-8"?>
<record
    xmlns:xsi="http://www.w3.org/2001/XMLSchema-instance"
    xsi:schemaLocation="http://www.loc.gov/MARC21/slim http://www.loc.gov/standards/marcxml/schema/MARC21slim.xsd"
    xmlns="http://www.loc.gov/MARC21/slim">

  <leader>01704nam a22002897a 4500</leader>
  <controlfield tag="003">NALT</controlfield>
  <controlfield tag="005">20250707094157.0</controlfield>
  <controlfield tag="008">      s2559    th                  tha d</controlfield>
  <datafield tag="020" ind1=" " ind2=" ">
    <subfield code="a">9789744499059</subfield>
  </datafield>
  <datafield tag="040" ind1=" " ind2=" ">
    <subfield code="a">NALT</subfield>
  </datafield>
  <datafield tag="041" ind1=" " ind2=" ">
    <subfield code="a">tha</subfield>
  </datafield>
  <datafield tag="090" ind1=" " ind2=" ">
    <subfield code="a">KG 9 </subfield>
    <subfield code="b">&#xE0A;238&#xE01; 2559</subfield>
  </datafield>
  <datafield tag="100" ind1="0" ind2=" ">
    <subfield code="a">&#xE0A;&#xE25;&#xE31;&#xE17; &#xE1B;&#xE23;&#xE30;&#xE40;&#xE17;&#xE37;&#xE2D;&#xE07;&#xE23;&#xE31;&#xE15;&#xE19;&#xE32;</subfield>
    <subfield code="9">3307</subfield>
  </datafield>
  <datafield tag="245" ind1="1" ind2="0">
    <subfield code="a">&#xE01;&#xE0E;&#xE2B;&#xE21;&#xE32;&#xE22;&#xE01;&#xE32;&#xE23;&#xE0A;&#xE38;&#xE21;&#xE19;&#xE38;&#xE21;&#xE2A;&#xE32;&#xE18;&#xE32;&#xE23;&#xE13;&#xE30;&#xE43;&#xE19;&#xE2A;&#xE31;&#xE07;&#xE04;&#xE21;&#xE44;&#xE17;&#xE22; : </subfield>
    <subfield code="b">&#xE14;&#xE38;&#xE25;&#xE22;&#xE20;&#xE32;&#xE1E;&#xE23;&#xE30;&#xE2B;&#xE27;&#xE48;&#xE32;&#xE07;&#xE40;&#xE2A;&#xE23;&#xE35;&#xE20;&#xE32;&#xE1E;&#xE02;&#xE2D;&#xE07;&#xE1C;&#xE39;&#xE49;&#xE0A;&#xE38;&#xE21;&#xE19;&#xE38;&#xE21;&#xE01;&#xE31;&#xE1A;&#xE40;&#xE2A;&#xE23;&#xE35;&#xE20;&#xE32;&#xE1E;&#xE02;&#xE2D;&#xE07;&#xE1B;&#xE23;&#xE30;&#xE0A;&#xE32;&#xE0A;&#xE19; /</subfield>
    <subfield code="c">&#xE0A;&#xE25;&#xE31;&#xE17; &#xE1B;&#xE23;&#xE30;&#xE40;&#xE17;&#xE37;&#xE2D;&#xE07;&#xE23;&#xE31;&#xE15;&#xE19;&#xE32;.</subfield>
  </datafield>
  <datafield tag="260" ind1=" " ind2=" ">
    <subfield code="a">&#xE01;&#xE23;&#xE38;&#xE07;&#xE40;&#xE17;&#xE1E;&#xE2F; : </subfield>
    <subfield code="b">&#xE2A;&#xE16;&#xE32;&#xE1A;&#xE31;&#xE19;&#xE1E;&#xE23;&#xE30;&#xE1B;&#xE01;&#xE40;&#xE01;&#xE25;&#xE49;&#xE32;, </subfield>
    <subfield code="c">2559.</subfield>
  </datafield>
  <datafield tag="300" ind1=" " ind2=" ">
    <subfield code="a">182 &#xE2B;&#xE19;&#xE49;&#xE32; :</subfield>
    <subfield code="b">&#xE41;&#xE1C;&#xE19;&#xE20;&#xE32;&#xE1E;, &#xE15;&#xE32;&#xE23;&#xE32;&#xE07; ;</subfield>
    <subfield code="c">24 &#xE0B;&#xE21;.</subfield>
  </datafield>
  <datafield tag="650" ind1=" " ind2="4">
    <subfield code="a">&#xE2A;&#xE34;&#xE17;&#xE18;&#xE34;&#xE01;&#xE32;&#xE23;&#xE0A;&#xE38;&#xE21;&#xE19;&#xE38;&#xE21; </subfield>
    <subfield code="9">25553</subfield>
    <subfield code="z">&#xE44;&#xE17;&#xE22;</subfield>
  </datafield>
  <datafield tag="650" ind1=" " ind2="4">
    <subfield code="a">&#xE2A;&#xE34;&#xE17;&#xE18;&#xE34;&#xE01;&#xE32;&#xE23;&#xE0A;&#xE38;&#xE21;&#xE19;&#xE38;&#xE21;</subfield>
    <subfield code="9">25554</subfield>
    <subfield code="z">&#xE40;&#xE01;&#xE32;&#xE2B;&#xE25;&#xE35;&#xE43;&#xE15;&#xE49;</subfield>
  </datafield>
  <datafield tag="650" ind1=" " ind2="4">
    <subfield code="a">&#xE2A;&#xE34;&#xE17;&#xE18;&#xE34;&#xE01;&#xE32;&#xE23;&#xE0A;&#xE38;&#xE21;&#xE19;&#xE38;&#xE21; </subfield>
    <subfield code="9">25556</subfield>
    <subfield code="z">&#xE40;&#xE22;&#xE2D;&#xE23;&#xE21;&#xE31;&#xE19;</subfield>
  </datafield>
  <datafield tag="650" ind1=" " ind2="4">
    <subfield code="a">&#xE2A;&#xE34;&#xE17;&#xE18;&#xE34;&#xE01;&#xE32;&#xE23;&#xE0A;&#xE38;&#xE21;&#xE19;&#xE38;&#xE21;</subfield>
    <subfield code="9">25557</subfield>
    <subfield code="z"> &#xE2D;&#xE31;&#xE07;&#xE01;&#xE24;&#xE29;</subfield>
  </datafield>
  <datafield tag="650" ind1=" " ind2="4">
    <subfield code="a">&#xE2A;&#xE34;&#xE17;&#xE18;&#xE34;&#xE01;&#xE32;&#xE23;&#xE0A;&#xE38;&#xE21;&#xE19;&#xE38;&#xE21; </subfield>
    <subfield code="9">25558</subfield>
    <subfield code="z">&#xE1D;&#xE23;&#xE31;&#xE48;&#xE07;&#xE40;&#xE28;&#xE2A;</subfield>
  </datafield>
  <datafield tag="650" ind1=" " ind2="4">
    <subfield code="a">&#xE2A;&#xE34;&#xE17;&#xE18;&#xE34;&#xE01;&#xE32;&#xE23;&#xE0A;&#xE38;&#xE21;&#xE19;&#xE38;&#xE21;</subfield>
    <subfield code="9">25559</subfield>
    <subfield code="z">&#xE2A;&#xE2B;&#xE23;&#xE31;&#xE10;&#xE2D;&#xE40;&#xE21;&#xE23;&#xE34;&#xE01;&#xE32;</subfield>
  </datafield>
  <datafield tag="650" ind1=" " ind2="4">
    <subfield code="a">&#xE2A;&#xE34;&#xE17;&#xE18;&#xE34;&#xE01;&#xE32;&#xE23;&#xE0A;&#xE38;&#xE21;&#xE19;&#xE38;&#xE21; </subfield>
    <subfield code="9">25560</subfield>
    <subfield code="x">&#xE27;&#xE34;&#xE08;&#xE31;&#xE22;</subfield>
  </datafield>
  <datafield tag="850" ind1=" " ind2=" ">
    <subfield code="a">NALT</subfield>
  </datafield>
  <datafield tag="942" ind1=" " ind2=" ">
    <subfield code="c">RSH</subfield>
    <subfield code="2">local</subfield>
  </datafield>
  <datafield tag="998" ind1=" " ind2=" ">
    <subfield code="b">&#xE0A;&#xE27;&#xE19;&#xE1E;&#xE34;&#xE0A;&#xE0D;&#xE4C;  &#xE23;&#xE31;&#xE15;&#xE19;&#xE32;&#xE44;&#xE1E;&#xE1A;&#xE39;&#xE25;&#xE22;&#xE4C;</subfield>
    <subfield code="b">phon</subfield>
    <subfield code="c">101</subfield>
    <subfield code="j">111</subfield>
    <subfield code="k"> &#xE19;&#xE32;&#xE07;&#xE2A;&#xE32;&#xE27;&#xE1E;&#xE08;&#xE1E;&#xE34;&#xE13;  &#xE1E;&#xE23;&#xE21;&#xE40;&#xE2D;&#xE35;&#xE48;&#xE22;&#xE21;</subfield>
  </datafield>
  <datafield tag="999" ind1=" " ind2=" ">
    <subfield code="c">76893</subfield>
    <subfield code="d">76893</subfield>
  </datafield>
  <datafield tag="952" ind1=" " ind2=" ">
    <subfield code="0">0</subfield>
    <subfield code="1">0</subfield>
    <subfield code="2">local</subfield>
    <subfield code="4">0</subfield>
    <subfield code="7">0</subfield>
    <subfield code="8">CRSH</subfield>
    <subfield code="a">NALT</subfield>
    <subfield code="b">NALT</subfield>
    <subfield code="d">2022-09-07</subfield>
    <subfield code="e">&#xE1A;&#xE23;&#xE34;&#xE08;&#xE32;&#xE04;</subfield>
    <subfield code="l">11</subfield>
    <subfield code="m">11</subfield>
    <subfield code="o">&#xE27; KG 9 &#xE0A;238&#xE01; 2559</subfield>
    <subfield code="p">3961205166</subfield>
    <subfield code="r">2025-07-16 00:00:00</subfield>
    <subfield code="s">2025-07-07</subfield>
    <subfield code="w">2017-06-09</subfield>
    <subfield code="y">RSH</subfield>
  </datafield>
</record>
